000 00792nam a2200229Ia 4500
003 OSt
005 20220923220946.0
006 a|||||r|||| 00| 0
007 ta
008 220922b |||||||| |||| 00| 0 hin d
024 _a192,798
037 _cTextual
040 _aARTS
_cARTS
_bhin
041 _2hin
_ahin
082 _aV2:1.N5, 152J7(TV)
100 _aसभरवाल, हृदय नारायण; गुप्त, रामगुलाम
_9164882
245 0 _aप्रमुख विदेशी संविघान
246 _aPramukh videshī sanvighāna
260 _c1957
942 _hV2:1.N5, 152J7(TV)
_cTEXL
_2CC
999 _c345333
_d345333